000
00175 a2200085 4500
100
_a
Kevin Costner
245
_a
The man who saved the world
260
_c
2014
264
_c
2014
999
_c
200431181
_d
49393